000 01719cam a2200337 a 4500
003 EG-GiCUC
005 20250223031008.0
008 140611s2013 ua f m 000 0 eng d
040 _aEG-GiCUC
_beng
_cEG-GiCUC
041 0 _aeng
049 _aDeposite
097 _aPh.D
099 _aCai01.24.12.Ph.D.2013.Mo.Q
100 0 _aMohamed Elsayed Yahia Ali Elsayed Kelib
245 1 0 _aQuantum plasma waves and its relevance to laser plasma /
_cMohamed Elsayed Yahia Ali Elsayed Kelib ; Supervised Iftitan Azzouz , Waleed M. Moslem
246 1 5 _aموجات البلازما الكمية و علاقتها ببلازما الليزر
260 _aCairo :
_bMohamed Elsayed Yahia Ali Elsayed Kelib ,
_c2013
300 _a115 Leaves ;
_c30cm
502 _aThesis (Ph.D.) - Cairo University - National Institute of Laser Enhanced Science - Department of Laser Science and Interaction
520 _aThe interesting domain of the quantum plasma physies is extended to include the condensed matter systems and its forms in ultra small dimensions, which will give us more deep understanding of the dominated physics. The study of waves and instabilities in quantum plasmas is of fundamental importance for understanding collective response in laser plasma - solid state interactions, in microelectronic and nanostructure semiconductor devices
530 _aIssued also as CD
653 4 _aDense quantum plasmas
653 4 _aQuantum hydrodynamics
653 4 _aTwo stream instability
700 0 _aIftitan Azzouz ,
_eSupervisor
700 0 _aWaleed Moslem Moslem ,
_eSupervisor
856 _uhttp://172.23.153.220/th.pdf
905 _aNazla
_eRevisor
905 _aSamia
_eCataloger
942 _2ddc
_cTH
999 _c46259
_d46259